| 000 | 00877nac a22002531i 4500 | ||
|---|---|---|---|
| 003 | EG-ScBUE | ||
| 005 | 20240325093723.0 | ||
| 008 | 240325s1960 enka f 000 0aeng d | ||
| 035 | _a(OCoLC)1346957 | ||
| 040 |
_aEG-ScBUE _beng _erda _cEG-ScBUE _dEG-ScBUE |
||
| 082 | 0 | 4 |
_a320.0924 _bWOO _222 |
| 100 | 1 |
_aWoolf, Leonard, _d1880-1969, _eauthor. |
|
| 245 | 1 | 0 |
_aSowing : _ban autobiography of the years 1880 to 1904 / _cby Leonard Woolf. |
| 264 |
_aLondon : _bThe Hogarth Press, _c1960. |
||
| 300 |
_a224 pages : _billustrations ; _c22 cm |
||
| 336 |
_2rdacontent _atext _btxt |
||
| 337 |
_aunmediated _2rdamedia _bn |
||
| 338 |
_avolume _bnc _2rdacarrier |
||
| 600 | 1 | 7 |
_2BUEsh _aWoolf, Leonard, _d1880-1969. |
| 650 | 7 |
_aPolitical scientists _zGreat Britain _vBiography. _2BUEsh |
|
| 655 | _vReading book | ||
| 942 |
_cBB _2ddc |
||
| 999 |
_c3133 _d3133 |
||